| 000 | 01060nam a22002777a 4500 | ||
|---|---|---|---|
| 005 | 20240530110449.0 | ||
| 008 | 150504s2012 ua a g 000 0 ara d | ||
| 017 |
_a2012/2508 _bمصر . دار الكتب المصرية |
||
| 020 | _a9789774951046 | ||
| 040 | _aEG-CaGPL | ||
| 082 | 0 | 4 |
_221 _a379.53\ _bح ت |
| 100 | 0 | _aحسن شحاتة . | |
| 245 | 1 | 0 |
_aتعليم جديد لمجتمع عربى جديد / _cتاليف حسن شحاتة . |
| 250 | _aط1. | ||
| 260 |
_aالقاهرة : _bدار العالم العربى ، _c2012. |
||
| 300 |
_a308 ص ؛ _c24 سم . |
||
| 490 | 0 | _aالسلسلة التربوية المعاصرة . | |
| 504 | _aيشتمل على ارجاعات الببليوجرافية | ||
| 650 | 0 | 4 |
_aالتعليم _xتطوير _zالعالم العربى. |
| 650 | 0 | 4 |
_aالتعليم _xاغراضه واهدافه. |
| 650 | 0 | 4 | _aالتخطيط التربوى . |
| 650 | 0 | 4 |
_aالمناهج _xتطوير |
| 650 | 0 | 4 | _aالمناهج الدراسية |
| 942 |
_2ddc _cBK |
||
| 999 |
_c61217 _d61217 |
||